| 000 | 00716nam a22002417a 4500 | ||
|---|---|---|---|
| 003 | DO-SdBNP | ||
| 005 | 20180213102312.0 | ||
| 008 | 180213b 1995 sp a| 00| 0 spa d | ||
| 020 | _a9788423927104 | ||
| 040 |
_aBPMSU _bspa _cBPMSU |
||
| 082 | 4 |
_axxxxx _bxxxxx |
|
| 100 | 1 | _4Jürgen Press, Hans | |
| 245 | 1 |
_aAventuras de la mano negra / _cHans Jürgen Press ; traducción José Sánchez López |
|
| 250 | _a19a ed. | ||
| 260 |
_aMadrid : _bEspasa Calpe, _c1995. |
||
| 300 |
_a133 p. : _bil., _c18 cm. |
||
| 490 | 1 |
_aAustral juvenil _v10 |
|
| 700 | 1 |
_aSánchez López, José, _etr. |
|
| 830 | 0 |
_aAustral juvenil _n10 |
|
| 942 |
_2ddc _cBK |
||
| 945 | _aInventariado, 2018 / BT | ||
| 956 |
_aBTAVAREZ _b10 _d20180213 _f0038 |
||
| 999 |
_c13286 _d13286 |
||